000 00570nmm a2200169Ia 4500
008 251105s9999||||xx |||||||||||||||||und||
020 _a9788446029847
041 _aspa
100 _aHeine, Heinrich
245 0 _aEnsayos: Sobre la historia de la religión y la filosofía en Alemania; La escuela romántica; Espíritus elementales
264 _a[Madrid, España] :
_bAkal,
_c2017
300 _a368 páginas
490 _aBásica de Bolsillo
650 _aGermanic literature and language
856 _uhttps://public.digitaliapublishing.com/a/50888
942 _cCF
999 _c82867
_d82867